000 00594nam a2200193 4500
001 126081
003 ES-MaACL
005 20250904063057.0
007 t|
008 070214s1917 fr r ||||1| fre d
100 1 _9242211
_aReinach, Salomon,
_d1858-1932
_eaut
110 1 _a
_9242194
245 1 0 _aCatalogue illustré du Musée des antiquités nationales au Chateau de Saint-Germain-en-Laye /
_cpar Salomon Reinach.
260 _aParis :
_bErnest Leroux,
_c1917.
300 _a296 p. ;
_c24 x 16 cm.
852 _aES-MaACL
_jB-13107
942 _2udc
999 _c126081
_d126081